Žabákova dobrodružství /

Hlavní autor: Grahame, Kenneth, 1859-1932
Jazyk: Čeština
Vydáno: Praha : Družstevní práce, 1945
Externí odkaz: Digitalizovaný dokument
Fyzický popis: 193, [3] s.
Knihy
Uloženo v:
LEADER 00773nam a22002171a 4500
001 000696439
003 CZ BrMZK
005 20031111071642.0
008 031111s1945 xr f cze d
015 |a cnb000499951 
035 |a (OCoLC)85300801 
040 |a BOA001  |b cze  |c BOA001 
100 1 |a Grahame, Kenneth,  |d 1859-1932  |7 jn19990002827  |4 aut 
245 1 0 |a Žabákova dobrodružství /  |c Kenneth Grahame 
260 |a Praha :  |b Družstevní práce,  |c 1945 
300 |a 193, [3] s. 
856 4 1 |u http://www.digitalniknihovna.cz/mzk/uuid/uuid:ba65a110-2412-11e2-85be-005056827e51  |y Digitalizovaný dokument  |x NDK 
910 |a BOA001  |b PK-II-0018.475 
990 |a BK 
993 |a Y 
996 7 |b 3119684248  |c PK-II-0018.475  |l MZK  |r Sklad / do 1 hodiny  |n 4  |w 000696439  |u 000010  |a 1  |e BOA001  |j MZK50  |s A